| 000 -LEADER |
| fixed length control field |
00649nam a22001937a 4500 |
| 005 - DATE AND TIME OF LATEST TRANSACTION |
| control field |
20240226171950.0 |
| 008 - FIXED-LENGTH DATA ELEMENTS--GENERAL INFORMATION |
| fixed length control field |
240226s2002 enk||||| |||| 00| 0 eng d |
| 020 ## - INTERNATIONAL STANDARD BOOK NUMBER |
| International Standard Book Number |
0582749174 |
| 041 ## - LANGUAGE CODE |
| Language code of text/sound track or separate title |
eng |
| 080 ## - UNIVERSAL DECIMAL CLASSIFICATION NUMBER |
| Universal Decimal Classification number |
821.111.1 T-48 |
| 100 ## - MAIN ENTRY--PERSONAL NAME |
| Personal name |
Thornley, G.C. |
| 9 (RLIN) |
21300 |
| 245 ## - TITLE STATEMENT |
| Title |
An Outline of English Literature / |
| Statement of responsibility, etc. |
G.C. Thornley, Gwyneth Roberts. |
| 250 ## - EDITION STATEMENT |
| Edition statement |
New Edition |
| 264 ## - PRODUCTION, PUBLICATION, DISTRIBUTION, MANUFACTURE, AND COPYRIGHT NOTICE |
| Place of production, publication, distribution, manufacture |
Harlow : |
| Name of producer, publisher, distributor, manufacturer |
Longman, |
| Date of production, publication, distribution, manufacture, or copyright notice |
2002. |
| 300 ## - PHYSICAL DESCRIPTION |
| Extent |
216 p.: |
| Other physical details |
ill. |
| Dimensions |
23 cm. |
| 653 ## - INDEX TERM--UNCONTROLLED |
| keyword |
ინგლისური ლიტერატურის მონახაზი |
| 700 ## - ADDED ENTRY--PERSONAL NAME |
| Personal name |
Roberts, Gwyneth |
| Relator term |
ავტორი |
| 9 (RLIN) |
21301 |
| 942 ## - ADDED ENTRY ELEMENTS (KOHA) |
| Source of classification or shelving scheme |
|
| Koha item type |
წიგნი |